000 00274nam a22001217a 4500
008 190205b xxu||||| |||| 00| 0 eng d
041 _aeng
080 _a616
100 _a9
101 _aPAT
245 _aGeneral Pathology a programmed text
_cKent,Th.H
942 _2udc
_cBK
999 _c53944
_d53944